| 000 | 00600cam a22001937i 4500 | ||
|---|---|---|---|
| 005 | 20250901165519.0 | ||
| 008 | 150819s2016 at a 001 0 eng d | ||
| 010 | _a 2015949720 | ||
| 020 |
_a1305105435 _qpaperback |
||
| 020 |
_a9781305105430 _qpaperback |
||
| 050 | 0 | 0 |
_aTK5105.5 .T64 2016 _b.T64 2016 |
| 082 | 0 | 4 |
_a004.6 _223 |
| 100 | 1 |
_aTomsho, Greg, _eauthor. |
|
| 245 | 1 | 0 |
_aGuide to networking essentials / _cGreg Tomsho. |
| 250 | _aSeventh edition. | ||
| 300 |
_axxii, 665 pages : _billustrations ; _c23 cm |
||
| 500 | _aIncludes index. | ||
| 942 |
_2lcc _hTK5105.5 .T64 2016 |
||
| 999 |
_c5117 _d5117 |
||